[Event "2 Bundesliga Mitte 2007/2008"]
[Site "Trofaiach"]
[Date "2007.11.11"]
[Round "4"]
[Board "1"]
[White "Sakelsek, Tadej"]
[Black "Kovacevic, Blazimir"]
[Result "1/2-1/2"]
[WhiteElo "2479"]
[BlackElo "2482"]
[PlyCount "81"]
[EventDate "2007.10.13"]
[EventType "team"]
[EventRounds "11"]
[EventCountry "AUT"]
[WhiteTeam "ESV Austria Graz"]
[BlackTeam "SpG Raika Alpine Trofaiach"]

1.e4 c5 2.Nf3 Nc6 3.d4 cxd4 4.Nxd4 g6 5.c4 Nf6 6.Nc3 d6 7.Be2 Nxd4 8.Qxd4 Bg7
9.Be3 O-O 10.Qd2 a5 11.Rc1 a4 12.O-O Qa5 13.f3 Be6 14.Nd5 Qxd2 15.Bxd2 Bxd5
16.cxd5 Nd7 17.Rc7 Nc5 18.Bg5 Bd4+ 19.Kh1 f6 20.Bc1 Rf7 21.g4 e5 22.Rxf7 Kxf7
23.Rd1 Ke7 24.Kg2 b5 25.g5 b4 26.h4 b3 27.a3 Nd7 28.gxf6+ Kxf6 29.Bb5 Nb6 30.f4
Ra5 31.fxe5+ Bxe5 32.Rf1+ Kg7 33.Be8 Bf6 34.Bg5 Bxg5 35.hxg5 Nc4 36.Rf7+ Kg8
37.Rf2 Ne5 38.Rf6 Ra6 39.Bb5 Ra5 40.Be8 Ra6 41.Bb5

[Event "2 Bundesliga Mitte 2007/2008"]
[Site "Trofaiach"]
[Date "2007.11.11"]
[Round "4"]
[Board "2"]
[White "Bukal, Vladimir Jun"]
[Black "Kotz, Heinz Peter"]
[Result "1-0"]
[WhiteElo "2441"]
[BlackElo "2357"]
[PlyCount "91"]
[EventDate "2007.10.13"]
[EventType "team"]
[EventRounds "11"]
[EventCountry "AUT"]
[WhiteTeam "SpG Raika Alpine Trofaiach"]
[BlackTeam "ESV Austria Graz"]

1.d4 Nf6 2.c4 g6 3.g3 Bg7 4.Bg2 O-O 5.Nc3 d6 6.Nf3 Nbd7 7.O-O e5 8.h3 c6 9.e4
Qb6 10.Re1 Re8 11.d5 cxd5 12.cxd5 Nc5 13.Rb1 a5 14.Be3 Bd7 15.Nd2 Rec8 16.Bf1
Ne8 17.Nc4 Qd8 18.a4 f5 19.b4 axb4 20.Rxb4 f4 21.Bd2 Ra6 22.a5 Nf6 23.Qb1 fxg3
24.fxg3 Nh5 25.Kg2 Bf6 26.Qc1 Qe7 27.Nb6 Rxa5 28.Nxc8 Bxc8 29.Kh2 Qf8 30.Be3 Bg5
31.Qd2 Bxe3 32.Qxe3 Ra3 33.Bg2 Qd8 34.Rf1 Nf6 35.Qd2 Kg7 36.Nb5 Rd3 37.Qf2 Qe7
38.Rc4 b6 39.Qa2 Nh5 40.Rc3 Rxc3 41.Nxc3 Qg5 42.Qa7+ Kh6 43.Rf3 Nf6 44.Qb8 Bxh3
45.Qf8+ Kh5 46.Qxf6

[Event "2 Bundesliga Mitte 2007/2008"]
[Site "Trofaiach"]
[Date "2007.11.11"]
[Round "4"]
[Board "3"]
[White "Ebner, Hubert"]
[Black "Zaja, Ivan"]
[Result "1/2-1/2"]
[WhiteElo "2279"]
[BlackElo "2467"]
[PlyCount "60"]
[EventDate "2007.10.13"]
[EventType "team"]
[EventRounds "11"]
[EventCountry "AUT"]
[WhiteTeam "ESV Austria Graz"]
[BlackTeam "SpG Raika Alpine Trofaiach"]

1.d4 Nf6 2.Nf3 b6 3.g3 Bb7 4.Bg2 e6 5.c4 Be7 6.Nc3 Ne4 7.Nxe4 Bxe4 8.O-O Bf6
9.Bf4 d6 10.Qa4+ Qd7 11.Qb3 Nc6 12.Rfd1 O-O 13.Ne5 Bxe5 14.dxe5 Na5 15.Qb5 Qxb5
16.cxb5 Bxg2 17.Kxg2 d5 18.Rac1 Rac8 19.e4 Rfd8 20.exd5 Rxd5 21.Rxd5 exd5 22.e6
c5 23.bxc6 Nxc6 24.exf7+ Kxf7 25.Be5 g6 26.f4 Ke6 27.g4 Kd7 28.Rd1 Ke6 29.Rc1
Kd7 30.Rd1 Ke6

[Event "2 Bundesliga Mitte 2007/2008"]
[Site "Trofaiach"]
[Date "2007.11.11"]
[Round "4"]
[Board "4"]
[White "Stuhlik, Marko"]
[Black "Kubinger, Thomas"]
[Result "1/2-1/2"]
[WhiteElo "2252"]
[BlackElo "2177"]
[PlyCount "32"]
[EventDate "2007.10.13"]
[EventType "team"]
[EventRounds "11"]
[EventCountry "AUT"]
[WhiteTeam "SpG Raika Alpine Trofaiach"]
[BlackTeam "ESV Austria Graz"]

1.g3 d5 2.Nf3 Nf6 3.Bg2 e6 4.O-O Be7 5.d4 O-O 6.c4 c6 7.Nbd2 Nbd7 8.Qc2 b6 9.e4
dxe4 10.Nxe4 Nxe4 11.Qxe4 Bb7 12.Qc2 c5 13.Rd1 cxd4 14.Rxd4 Qc8 15.Bg5 Nf6
16.Rad1 h6

[Event "2 Bundesliga Mitte 2007/2008"]
[Site "Trofaiach"]
[Date "2007.11.11"]
[Round "4"]
[Board "5"]
[White "Schrittwieser, Herbert"]
[Black "Mitter, Gerd"]
[Result "1/2-1/2"]
[WhiteElo "2200"]
[BlackElo "2185"]
[PlyCount "93"]
[EventDate "2007.10.13"]
[EventType "team"]
[EventRounds "11"]
[EventCountry "AUT"]
[WhiteTeam "ESV Austria Graz"]
[BlackTeam "SpG Raika Alpine Trofaiach"]

1.Nf3 Nf6 2.c4 c5 3.Nc3 g6 4.d4 Bg7 5.e4 cxd4 6.Nxd4 d6 7.Be2 O-O 8.O-O Nc6
9.Be3 a6 10.Rc1 Bd7 11.Qd2 Ng4 12.Bxg4 Bxg4 13.f3 Bd7 14.Rfd1 Re8 15.Nb3 Ne5
16.Nd5 b5 17.Na5 Nxc4 18.Nxc4 bxc4 19.Rxc4 Rb8 20.b3 Be6 21.Rdc1 Bxd5 22.exd5
Qd7 23.Rc6 Ra8 24.Qd3 Qf5 25.Qxf5 gxf5 26.Kf2 h6 27.R1c4 Kh7 28.Ra4 Reb8 29.Bb6
Rb7 30.Ke2 Be5 31.f4 Bf6 32.Kd3 h5 33.g3 h4 34.b4 hxg3 35.hxg3 Rab8 36.Rxa6 Rg8
37.Bf2 Rxb4 38.a4 Rb3+ 39.Kd2 Kg6 40.a5 Rb5 41.Ra7 Rxd5+ 42.Ke2 Rb8 43.Rc2 Rb3
44.a6 Ra3 45.Ra8 Rda5 46.a7 Kg7 47.Rd8

[Event "2 Bundesliga Mitte 2007/2008"]
[Site "Trofaiach"]
[Date "2007.11.11"]
[Round "4"]
[Board "6"]
[White "Spirk, Stefan"]
[Black "Loebler, Heimo"]
[Result "1/2-1/2"]
[WhiteElo "2130"]
[BlackElo "2201"]
[PlyCount "20"]
[EventDate "2007.10.13"]
[EventType "team"]
[EventRounds "11"]
[EventCountry "AUT"]
[WhiteTeam "SpG Raika Alpine Trofaiach"]
[BlackTeam "ESV Austria Graz"]

1.c4 Nf6 2.Nf3 g6 3.g3 Bg7 4.Bg2 O-O 5.O-O d6 6.Nc3 Nc6 7.d3 e5 8.Rb1 a5 9.a3
Nd4 10.Nd2 h5

[Event "2 Bundesliga Mitte 2007/2008"]
[Site "Trofaiach"]
[Date "2007.11.11"]
[Round "4"]
[Board "1"]
[White "Diermair, Andreas"]
[Black "Weiss, Christian"]
[Result "0-1"]
[WhiteElo "2363"]
[BlackElo "2460"]
[PlyCount "146"]
[EventDate "2007.10.13"]
[EventType "team"]
[EventRounds "11"]
[EventCountry "AUT"]
[WhiteTeam "SV Frauental"]
[BlackTeam "SC Ansfelden 2"]

1.e4 c6 2.d4 d5 3.Nc3 dxe4 4.Nxe4 Nd7 5.Ng5 Ndf6 6.Bc4 Nd5 7.N1f3 Nh6 8.Qe2 Bg4
9.h3 Bxf3 10.Nxf3 Nf5 11.Bd3 Nf6 12.c3 Nd6 13.O-O e6 14.Re1 Be7 15.Bf4 O-O
16.Ne5 Nde8 17.Rad1 a5 18.a4 g6 19.Ng4 Nxg4 20.hxg4 Nf6 21.Be5 Nd5 22.Qf3 Qd7
23.Be4 Rad8 24.b3 f6 25.Bh2 Bd6 26.c4 Bxh2+ 27.Kxh2 Nb4 28.Qe2 Rfe8 29.g3 Qd6
30.Bf3 Kg7 31.Kg2 Rd7 32.Qe4 b6 33.Re3 Ree7 34.g5 f5 35.Qe5+ Qxe5 36.Rxe5 Nc2
37.Bxc6 Rxd4 38.Rxd4 Nxd4 39.Bf3 Kf7 40.c5 bxc5 41.Rxc5 Ra7 42.Bd1 Ke7 43.Rc4 e5
44.b4 axb4 45.Rxb4 Kd6 46.Bb3 Nxb3 47.Rxb3 Rxa4 48.Rb7 Rg4 49.Rxh7 Rxg5 50.f3 e4
51.Kf2 exf3 52.Kxf3 Rg4 53.Ra7 Ke6 54.Ra6+ Kf7 55.Rb6 Kg7 56.Ra6 Kh6 57.Rb6 Kg5
58.Ra6 Rb4 59.Rc6 Rb3+ 60.Kg2 Kh5 61.Rc4 Ra3 62.Kh3 g5 63.Kg2 Ra2+ 64.Kf3 Rb2
65.g4+ fxg4+ 66.Kg3 Rb3+ 67.Kg2 Kh4 68.Rc2 Rb4 69.Ra2 g3 70.Kg1 Kh3 71.Ra1 Rb3
72.Rc1 g2 73.Rd1 Rf3

[Event "2 Bundesliga Mitte 2007/2008"]
[Site "Trofaiach"]
[Date "2007.11.11"]
[Round "4"]
[Board "2"]
[White "Farago, Ivan"]
[Black "Cigan, Stefan"]
[Result "1-0"]
[WhiteElo "2504"]
[BlackElo "2367"]
[PlyCount "79"]
[EventDate "2007.10.13"]
[EventType "team"]
[EventRounds "11"]
[EventCountry "AUT"]
[WhiteTeam "SC Ansfelden 2"]
[BlackTeam "SV Frauental"]

1.d4 d5 2.c4 e6 3.Nf3 Nf6 4.Nc3 Be7 5.Bf4 O-O 6.e3 Nbd7 7.c5 c6 8.h3 b6 9.b4 a5
10.a3 Ba6 11.Bxa6 Rxa6 12.b5 cxb5 13.c6 Qc8 14.c7 b4 15.Nb5 a4 16.Rc1 Ne8 17.Qc2
b3 18.Qc6 Nc5 19.Ne5 Nf6 20.O-O Nb7 21.f3 Re8 22.Bg5 Na5 23.Qc3 Bf8 24.e4 Ra8
25.Bxf6 gxf6 26.Ng4 Kg7 27.Qe3 Qd7 28.e5 Qxb5 29.exf6+ Kh8 30.Ne5 Nc4 31.Rxc4
dxc4 32.Nxf7+ Kg8 33.Ne5 Qxe5 34.Qxe5 c3 35.f4 Kf7 36.f5 c2 37.fxe6+ Rxe6
38.Qh5+ Kg8 39.Qd5 b2 40.c8=Q

[Event "2 Bundesliga Mitte 2007/2008"]
[Site "Trofaiach"]
[Date "2007.11.11"]
[Round "4"]
[Board "3"]
[White "Schnider, Gert"]
[Black "Knoll, Hermann"]
[Result "0-1"]
[WhiteElo "2273"]
[BlackElo "2386"]
[PlyCount "80"]
[EventDate "2007.10.13"]
[EventType "team"]
[EventRounds "11"]
[EventCountry "AUT"]
[WhiteTeam "SV Frauental"]
[BlackTeam "SC Ansfelden 2"]

1.e4 c5 2.Nf3 d6 3.d4 cxd4 4.Nxd4 Nf6 5.Nc3 a6 6.Be2 e5 7.Nb3 Be6 8.O-O Nbd7
9.Be3 Be7 10.a4 b6 11.f3 O-O 12.Rf2 Qb8 13.g4 Qb7 14.g5 Nh5 15.Nd5 Bxd5 16.Qxd5
Qxd5 17.exd5 f5 18.gxf6 Rxf6 19.Nd2 Nf4 20.Bxf4 Rxf4 21.Ne4 Nc5 22.Nxc5 bxc5
23.Bd3 c4 24.Be4 a5 25.b3 Bd8 26.Kf1 Bb6 27.Rg2 Bd4 28.Rc1 Rc8 29.bxc4 Rxc4
30.Rb1 g6 31.Ke2 Rxa4 32.Kd3 Kg7 33.Rb3 Ra2 34.Rg4 a4 35.Rb1 Ra3+ 36.Kc4 Rf7
37.Rb8 Rc7+ 38.Kb4 Ra2 39.Rd8 Rb7+ 40.Ka5 Rab2

[Event "2 Bundesliga Mitte 2007/2008"]
[Site "Trofaiach"]
[Date "2007.11.11"]
[Round "4"]
[Board "4"]
[White "Hellmayr, Alois"]
[Black "Raffalt, Manfred"]
[Result "1/2-1/2"]
[WhiteElo "2320"]
[BlackElo "2153"]
[PlyCount "76"]
[EventDate "2007.10.13"]
[EventType "team"]
[EventRounds "11"]
[EventCountry "AUT"]
[WhiteTeam "SC Ansfelden 2"]
[BlackTeam "SV Frauental"]

1.Nf3 d5 2.b3 Nf6 3.Bb2 e6 4.e3 c5 5.Bb5+ Bd7 6.Bxd7+ Nbxd7 7.d3 Be7 8.c4 O-O
9.O-O Rc8 10.Nc3 a6 11.Qe2 Qc7 12.Rac1 Qb8 13.cxd5 exd5 14.d4 b5 15.dxc5 Bxc5
16.Rfd1 Qb7 17.Qd3 Nb6 18.Qf5 Be7 19.Ne2 Ne4 20.Bd4 Qd7 21.Qxd7 Nxd7 22.Nf4 Ndf6
23.Ne5 Ba3 24.Rxc8 Rxc8 25.f3 Nc5 26.Rd2 Ne6 27.Nxe6 fxe6 28.Kf2 a5 29.g4 Ne8
30.h4 Nd6 31.Nd3 h5 32.gxh5 Nf5 33.Kg2 Be7 34.Bb6 a4 35.Nf4 Bb4 36.Rd1 Rc2+
37.Kf1 Rxa2 38.bxa4 Nxh4

[Event "2 Bundesliga Mitte 2007/2008"]
[Site "Trofaiach"]
[Date "2007.11.11"]
[Round "4"]
[Board "5"]
[White "Weber, Christoph"]
[Black "Mittermayr, Gerhard"]
[Result "1/2-1/2"]
[WhiteElo "2194"]
[BlackElo "2129"]
[PlyCount "123"]
[EventDate "2007.10.13"]
[EventType "team"]
[EventRounds "11"]
[EventCountry "AUT"]
[WhiteTeam "SV Frauental"]
[BlackTeam "SC Ansfelden 2"]

1.e4 e6 2.Nc3 d5 3.d4 Nf6 4.Bg5 Be7 5.e5 Nfd7 6.Bxe7 Qxe7 7.Qd2 a6 8.f4 c5 9.Nf3
Nc6 10.Ne2 b5 11.g3 Bb7 12.Bg2 O-O 13.O-O f5 14.Kh1 cxd4 15.Nfxd4 Nxd4 16.Nxd4
Nc5 17.Qa5 Rac8 18.Rad1 Ne4 19.c3 Rfe8 20.Qb6 Qc7 21.Qxc7 Rxc7 22.Nb3 b4 23.cxb4
Rc2 24.Rc1 Rxb2 25.Kg1 d4 26.Nxd4 Rxb4 27.Nb3 Bd5 28.Nc5 Rb2 29.Bxe4 fxe4 30.Rf2
Reb8 31.Nxa6 e3 32.Rxb2 Rxb2 33.Kf1 Rxh2 34.Rc8+ Kf7 35.Rc3 e2+ 36.Ke1 Bxa2
37.Nb4 Bb1 38.Re3 Rg2 39.Nc6 Bf5 40.Nd4 Bg4 41.Kd2 Rg1 42.Nxe2 Rg2 43.Kd3 Bxe2+
44.Rxe2 Rxg3+ 45.Ke4 h5 46.Ra2 h4 47.Ra8 g6 48.Rh8 h3 49.Rh4 Kg7 50.Kd4 Rb3
51.Kc5 Rd3 52.Kc4 Rf3 53.Kc5 Rd3 54.Kc4 Ra3 55.Kc5 g5 56.fxg5 Kg6 57.Kd6 Kxg5
58.Rh8 Ra6+ 59.Ke7 Kg4 60.Kf6 Kg3 61.Rg8+ Kf2 62.Rh8

[Event "2 Bundesliga Mitte 2007/2008"]
[Site "Trofaiach"]
[Date "2007.11.11"]
[Round "4"]
[Board "6"]
[White "Dumancic, Pero"]
[Black "Schreiner, Peter"]
[Result "1-0"]
[WhiteElo "2175"]
[BlackElo "2088"]
[PlyCount "61"]
[EventDate "2007.10.13"]
[EventType "team"]
[EventRounds "11"]
[EventCountry "AUT"]
[WhiteTeam "SC Ansfelden 2"]
[BlackTeam "SV Frauental"]

1.d4 Nf6 2.c4 e6 3.a3 b6 4.Nc3 Bb7 5.e3 Be7 6.Nf3 O-O 7.Bd3 d5 8.O-O dxc4 9.Bxc4
c5 10.Be2 Nc6 11.dxc5 Bxc5 12.b4 Be7 13.Bb2 Rc8 14.Qa4 Qc7 15.Rac1 Qb8 16.Ba6
Rfd8 17.Nb5 Nd5 18.Rfd1 Bf6 19.Bxf6 Nxf6 20.Bxb7 Qxb7 21.Nd6 Qa8 22.Nxc8 Rxc8
23.Qa6 Re8 24.Rd6 Ne7 25.h3 Nf5 26.Rdc6 g5 27.Nxg5 Kg7 28.Nf3 Rg8 29.Rc8 Rxc8
30.Qxc8 Qe4 31.Qc7

[Event "2 Bundesliga Mitte 2007/2008"]
[Site "Trofaiach"]
[Date "2007.11.11"]
[Round "4"]
[Board "2"]
[White "Manca, Federico"]
[Black "Neubauer, Martin"]
[Result "1-0"]
[WhiteElo "2405"]
[BlackElo "2453"]
[PlyCount "53"]
[EventDate "2007.10.13"]
[EventType "team"]
[EventRounds "11"]
[EventCountry "AUT"]
[WhiteTeam "SK Leoben"]
[BlackTeam "SV ASVOe Raika St Veit/Glan"]

1.e4 c5 2.c3 d5 3.exd5 Qxd5 4.d4 Nf6 5.Nf3 Bg4 6.dxc5 Qxd1+ 7.Kxd1 Nc6 8.b4 g6
9.Nbd2 Bg7 10.Bb2 Nd5 11.Kc2 Bf5+ 12.Kb3 a5 13.b5 a4+ 14.Ka3 Nd8 15.c4 Bxb2+
16.Kxb2 Nf6 17.Nd4 Nd7 18.Re1 Rc8 19.g3 Nxc5 20.Kc3 Be6 21.Bg2 Kd7 22.Re3 Kd6
23.Rhe1 b6 24.f4 Re8 25.N2f3 Ndb7 26.Nxe6 Nxe6 27.Rd1+

[Event "2 Bundesliga Mitte 2007/2008"]
[Site "Trofaiach"]
[Date "2007.11.11"]
[Round "4"]
[Board "3"]
[White "Jurkovic, Hryoje"]
[Black "Dietmayer Kraeutler, Marco"]
[Result "1-0"]
[WhiteElo "2443"]
[BlackElo "2325"]
[PlyCount "120"]
[EventDate "2007.10.13"]
[EventType "team"]
[EventRounds "11"]
[EventCountry "AUT"]
[WhiteTeam "SV ASVOe Raika St Veit/Glan"]
[BlackTeam "SK Leoben"]

1.e4 e5 2.Nf3 Nc6 3.Bb5 a6 4.Bxc6 dxc6 5.O-O f6 6.d4 exd4 7.Nxd4 c5 8.Nb3 Qxd1
9.Rxd1 Bd6 10.Na5 b5 11.c4 Ne7 12.Nc3 Rb8 13.cxb5 axb5 14.a4 Bd7 15.axb5 Bxb5
16.Nxb5 Rxb5 17.Nc4 Nc8 18.Bd2 Ke7 19.Bc3 Ke6 20.e5 fxe5 21.Re1 Rg8 22.Nxe5 Ne7
23.Rad1 Nf5 24.g4 Nd4 25.Nf3+ Kd7 26.Nxd4 cxd4 27.Rxd4 Rf8 28.Kg2 h5 29.h3 g6
30.Rde4 Rd5 31.Rd4 Rb5 32.Re2 Rb3 33.gxh5 gxh5 34.Rd5 Rg8+ 35.Kf1 h4 36.Rd4 Rb5
37.Rxh4 Rbg5 38.Ree4 Rg1+ 39.Ke2 Rc1 40.Rhg4 Rf8 41.Rd4 Kc8 42.f4 Rh1 43.h4 Be7
44.Kf3 Rxh4 45.Rxh4 Bxh4 46.Kg4 Be7 47.Re4 Rg8+ 48.Kh5 Kd7 49.Kh6 Rg4 50.Kh5 Rg2
51.Re1 c5 52.Kh6 Bh4 53.Re4 Kd6 54.f5 Bg5+ 55.Kh7 Bc1 56.b4 cxb4 57.Bxb4+ Kd7
58.f6 Rh2+ 59.Kg6 Rg2+ 60.Kf7 Bb2 {Rest leider nicht mehr leserlich}

[Event "2 Bundesliga Mitte 2007/2008"]
[Site "Trofaiach"]
[Date "2007.11.11"]
[Round "4"]
[Board "4"]
[White "Benda, Herbert"]
[Black "Hebesberger, Thomas"]
[Result "1-0"]
[WhiteElo "2274"]
[BlackElo "2349"]
[PlyCount "65"]
[EventDate "2007.10.13"]
[EventType "team"]
[EventRounds "11"]
[EventCountry "AUT"]
[WhiteTeam "SK Leoben"]
[BlackTeam "SV ASVOe Raika St Veit/Glan"]

1.e4 c5 2.Nf3 Nc6 3.d4 cxd4 4.Nxd4 g6 5.Nc3 Bg7 6.Be3 Nf6 7.Nxc6 bxc6 8.e5 Ng8
9.f4 d5 10.Qf3 h5 11.h3 h4 12.O-O-O Qc7 13.Rxd5 cxd5 14.Nxd5 Qb7 15.Ba6 Rb8
16.Bxb7 Rxb7 17.Rd1 Nh6 18.Nb6 Rc7 19.Nxc8 Rxc8 20.Bxa7 O-O 21.a4 f6 22.e6 Nf5
23.Rd7 Bh6 24.b3 Rfe8 25.a5 Ng7 26.a6 Nxe6 27.Qd5 Bxf4+ 28.Kb1 Kf7 29.c4 Red8
30.Bb6 Rh8 31.a7 Bd6 32.Rxd6 exd6 33.Qb7+

[Event "2 Bundesliga Mitte 2007/2008"]
[Site "Trofaiach"]
[Date "2007.11.11"]
[Round "4"]
[Board "5"]
[White "Hoelzl, Franz"]
[Black "Sachsenhofer, Michael"]
[Result "1-0"]
[WhiteElo "2374"]
[BlackElo "2122"]
[PlyCount "83"]
[EventDate "2007.10.13"]
[EventType "team"]
[EventRounds "11"]
[EventCountry "AUT"]
[WhiteTeam "SV ASVOe Raika St Veit/Glan"]
[BlackTeam "SK Leoben"]

1.d4 d5 2.c4 e6 3.Nf3 Nf6 4.Bg5 Be7 5.e3 O-O 6.Nc3 c6 7.Qc2 Nbd7 8.Rd1 Re8 9.Be2
dxc4 10.e4 b5 11.e5 Nd5 12.Ne4 Qa5+ 13.Nfd2 f6 14.exf6 N7xf6 15.O-O Bd7 16.Rfe1
h6 17.Bxf6 Nxf6 18.a3 Rad8 19.Nf3 Nxe4 20.Qxe4 Bd6 21.Ne5 Qc7 22.Bh5 Bxe5
23.dxe5 Rf8 24.Rd6 Be8 25.Bxe8 Rfxe8 26.Red1 Rxd6 27.exd6 Qd7 28.f4 Rf8 29.g4
Rf6 30.Kg2 Rf7 31.Kg3 Rf6 32.Qe5 Kf8 33.h4 Kg8 34.Re1 Kf8 35.Qd4 Kg8 36.Qc5 Kf8
37.a4 Kg8 38.axb5 cxb5 39.Ra1 Rf7 40.Ra6 Qb7 41.Rc6 g6 42.Rc8+

[Event "2 Bundesliga Mitte 2007/2008"]
[Site "Trofaiach"]
[Date "2007.11.11"]
[Round "4"]
[Board "6"]
[White "Egger, Andreas"]
[Black "Mazi, Leon"]
[Result "0-1"]
[WhiteElo "2123"]
[BlackElo "2348"]
[PlyCount "62"]
[EventDate "2007.10.13"]
[EventType "team"]
[EventRounds "11"]
[EventCountry "AUT"]
[WhiteTeam "SK Leoben"]
[BlackTeam "SV ASVOe Raika St Veit/Glan"]

1.e4 Nf6 2.d3 d5 3.Qe2 c5 4.g3 Nc6 5.c3 c4 6.Nd2 cxd3 7.Qxd3 e5 8.exd5 Qxd5
9.Qxd5 Nxd5 10.Bg2 Be6 11.Ne2 O-O-O 12.a4 Bd6 13.Ne4 Be7 14.a5 h6 15.a6 bxa6
16.Rxa6 Ndb4 17.cxb4 Nxb4 18.Nd6+ Bxd6 19.Ra4 Nd3+ 20.Kf1 Nxc1 21.Nxc1 Bc5
22.Ke2 Bd7 23.Ra5 Bb6 24.Ra3 Bb5+ 25.Ke1 Rd6 26.Na2 Rhd8 27.Nc3 Bc4 28.Bf1 Be6
29.Be2 Rd2 30.Nd1 Bc4 31.Rc3 Rxe2+

[Event "2 Bundesliga Mitte 2007/2008"]
[Site "Trofaiach"]
[Date "2007.11.11"]
[Round "4"]
[Board "1"]
[White "Tratar, Marko"]
[Black "Sommerbauer, Norbert"]
[Result "1-0"]
[WhiteElo "2502"]
[BlackElo "2474"]
[PlyCount "71"]
[EventDate "2007.10.13"]
[EventType "team"]
[EventRounds "11"]
[EventCountry "AUT"]
[WhiteTeam "Kl Zeitung MPOe Maria Saal"]
[BlackTeam "SpG VOecklabruck"]

1.Nf3 d5 2.d4 c5 3.c4 cxd4 4.cxd5 Nf6 5.Qxd4 Qxd5 6.Nc3 Qxd4 7.Nxd4 a6 8.Bg5
Nbd7 9.g3 e5 10.Nc2 Bc5 11.Bg2 h6 12.Be3 Rb8 13.O-O b6 14.Rac1 Bb7 15.Bxb7 Rxb7
16.Bxc5 Nxc5 17.Ne3 O-O 18.Nc4 Ncd7 19.Nd6 Rbb8 20.Rfd1 Rfd8 21.f3 Kf8 22.Kf2 g6
23.Nce4 Nxe4+ 24.Nxe4 Rb7 25.g4 a5 26.h4 Ra7 27.h5 Re8 28.hxg6 fxg6 29.Rc6 Kg7
30.Rdd6 Nf8 31.Rxb6 a4 32.Ra6 Rea8 33.Rxa7+ Rxa7 34.a3 Nd7 35.Nc3 Nf6 36.Rb6

[Event "2 Bundesliga Mitte 2007/2008"]
[Site "Trofaiach"]
[Date "2007.11.11"]
[Round "4"]
[Board "2"]
[White "Konopka, Michal"]
[Black "Kreisl, Robert"]
[Result "1-0"]
[WhiteElo "2433"]
[BlackElo "2333"]
[PlyCount "71"]
[EventDate "2007.10.13"]
[EventType "team"]
[EventRounds "11"]
[EventCountry "AUT"]
[WhiteTeam "SpG VOecklabruck"]
[BlackTeam "Kl Zeitung MPOe Maria Saal"]

1.d4 d5 2.c4 c6 3.Nc3 Nf6 4.e3 g6 5.Nf3 Bg7 6.cxd5 cxd5 7.Qa4+ Bd7 8.Qb3 Bc6
9.Bb5 Bxb5 10.Qxb5+ Qd7 11.Ne5 Qxb5 12.Nxb5 Na6 13.b3 Nd7 14.Nd3 O-O 15.Ba3 Rfe8
16.Ke2 e5 17.Nxe5 Nxe5 18.dxe5 Bxe5 19.Rad1 Red8 20.Rd2 Rd7 21.Rhd1 Rad8 22.Nxa7
Bc3 23.Rc2 d4 24.exd4 Rxd4 25.Rxd4 Bxd4 26.Rc8 Rxc8 27.Nxc8 Nc7 28.f3 Nb5 29.Bb4
Bc3 30.Bc5 Be5 31.a4 Nc7 32.Bd6 Bxd6 33.Nxd6 b6 34.Kd3 Kg7 35.Kc4 Kf6 36.Nc8

[Event "2 Bundesliga Mitte 2007/2008"]
[Site "Trofaiach"]
[Date "2007.11.11"]
[Round "4"]
[Board "3"]
[White "Schachinger, Mario"]
[Black "Hirneise, Tobias"]
[Result "0-1"]
[WhiteElo "2278"]
[BlackElo "2287"]
[PlyCount "96"]
[EventDate "2007.10.13"]
[EventType "team"]
[EventRounds "11"]
[EventCountry "AUT"]
[WhiteTeam "Kl Zeitung MPOe Maria Saal"]
[BlackTeam "SpG VOecklabruck"]

1.e4 c5 2.Nf3 Nc6 3.d4 cxd4 4.Nxd4 Nf6 5.Nc3 d6 6.Bg5 e6 7.Qd2 a6 8.O-O-O Bd7
9.f3 h6 10.Be3 Rc8 11.Nxc6 Bxc6 12.Ne2 b5 13.Nd4 Bb7 14.Bd3 e5 15.Nf5 d5 16.exd5
Nxd5 17.Be4 Qc7 18.Kb1 Rd8 19.g4 g6 20.Ng3 Be7 21.Qf2 Kf8 22.Bxd5 Rxd5 23.Rxd5
Bxd5 24.Bxh6+ Rxh6 25.Qd2 Bxa2+ 26.Kxa2 Qc4+ 27.b3 Qf4 28.Qd3 Rh3 29.Qf1 Rh8
30.Qe2 Kg7 31.Rd1 Rc8 32.Ne4 a5 33.c4 bxc4 34.bxc4 Bb4 35.h4 Be7 36.h5 Bb4
37.Rh1 Rh8 38.Qd3 Be7 39.c5 Rd8 40.Qc3 f5 41.h6+ Kh8 42.gxf5 gxf5 43.c6 fxe4
44.c7 Qf7+ 45.Ka1 Rc8 46.fxe4 Bd6 47.Rd1 Qxc7 48.Qg3 Bb4

[Event "2 Bundesliga Mitte 2007/2008"]
[Site "Trofaiach"]
[Date "2007.11.11"]
[Round "4"]
[Board "4"]
[White "Ennsberger, Ulrich"]
[Black "Reschun, Sascha"]
[Result "1-0"]
[WhiteElo "2284"]
[BlackElo "2272"]
[PlyCount "81"]
[EventDate "2007.10.13"]
[EventType "team"]
[EventRounds "11"]
[EventCountry "AUT"]
[WhiteTeam "SpG VOecklabruck"]
[BlackTeam "Kl Zeitung MPOe Maria Saal"]

1.Nf3 d5 2.g3 g6 3.Bg2 Bg7 4.d4 c6 5.c4 Nf6 6.O-O O-O 7.cxd5 cxd5 8.Nc3 h6 9.Ne5
Nc6 10.Bf4 g5 11.Nxc6 bxc6 12.Be5 Bf5 13.Rc1 Re8 14.Na4 Qa5 15.b3 Rac8 16.e3 Bf8
17.f3 Nd7 18.g4 Bg6 19.Bg3 f6 20.f4 e6 21.Be1 Qa6 22.b4 e5 23.dxe5 fxe5 24.Rxc6
Rxc6 25.Qxd5+ Rce6 26.f5 Qxa4 27.fxe6 Nb6 28.Qxe5 Bg7 29.Qd6 Qxa2 30.e7 Bf7
31.Bc6 Nc4 32.Qc5 Be5 33.Bg3 Bxg3 34.hxg3 Nd2 35.Rxf7 Qb1+ 36.Kg2 Kxf7 37.Qd5+
Kxe7 38.Qe5+ Kf7 39.Bd5+ Kg6 40.Qxe8+ Kf6 41.Qf7+

[Event "2 Bundesliga Mitte 2007/2008"]
[Site "Trofaiach"]
[Date "2007.11.11"]
[Round "4"]
[Board "5"]
[White "Halvax, Georg"]
[Black "Hofmair, Klaus"]
[Result "1/2-1/2"]
[WhiteElo "2059"]
[BlackElo "2278"]
[PlyCount "61"]
[EventDate "2007.10.13"]
[EventType "team"]
[EventRounds "11"]
[EventCountry "AUT"]
[WhiteTeam "Kl Zeitung MPOe Maria Saal"]
[BlackTeam "SpG VOecklabruck"]

1.e4 e5 2.Nf3 Nc6 3.d4 exd4 4.Nxd4 Bc5 5.Be3 Qf6 6.Nb5 Bxe3 7.fxe3 Qd8 8.Qg4 Nf6
9.Qxg7 Rg8 10.Qh6 Rg6 11.Qf4 d6 12.N1c3 a6 13.Nd4 Qe7 14.O-O-O Rg4 15.Nxc6 bxc6
16.Qf3 Qe5 17.Bc4 Ke7 18.Rhf1 Be6 19.Bxe6 fxe6 20.Rd2 Rf8 21.Rdf2 h5 22.g3 Rgg8
23.Qe2 Nxe4 24.Rxf8 Rxf8 25.Rxf8 Kxf8 26.Qxa6 Nxc3 27.Qc8+ Kg7 28.Qxc7+ Kg6
29.bxc3 Qxe3+ 30.Kb2 Qc5 31.Qe7

[Event "2 Bundesliga Mitte 2007/2008"]
[Site "Trofaiach"]
[Date "2007.11.11"]
[Round "4"]
[Board "6"]
[White "Gneiss, Karl"]
[Black "Eichert, Wolfgang"]
[Result "1/2-1/2"]
[WhiteElo "2119"]
[BlackElo "2147"]
[PlyCount "27"]
[EventDate "2007.10.13"]
[EventType "team"]
[EventRounds "11"]
[EventCountry "AUT"]
[WhiteTeam "SpG VOecklabruck"]
[BlackTeam "Kl Zeitung MPOe Maria Saal"]

1.c4 Nf6 2.Nc3 g6 3.Nf3 Bg7 4.g3 O-O 5.Bg2 d6 6.O-O e5 7.d4 Nbd7 8.b3 Re8 9.e3
Nf8 10.Bb2 e4 11.Nd2 Bf5 12.Qc2 Qe7 13.a4 h5 14.Ba3

[Event "2 Bundesliga Mitte 2007/2008"]
[Site "Trofaiach"]
[Date "2007.11.11"]
[Round "4"]
[Board "1"]
[White "Srienz, Christian"]
[Black "Schenk, Andreas"]
[Result "0-1"]
[WhiteElo "2214"]
[BlackElo "2509"]
[PlyCount "100"]
[EventDate "2007.10.13"]
[EventType "team"]
[EventRounds "11"]
[EventCountry "AUT"]
[WhiteTeam "ESV ASKOE Admira Villach"]
[BlackTeam "SK Sparkasse Fuerstenfeld"]

1.c4 e5 2.Nc3 Nf6 3.g3 Bb4 4.Bg2 O-O 5.e4 Bxc3 6.dxc3 d6 7.Bg5 Nbd7 8.Nf3 Nc5
9.Bxf6 Qxf6 10.Qe2 Bg4 11.h3 Be6 12.Nd2 Qh6 13.b4 Na4 14.Nf1 a5 15.b5 c6 16.Ne3
Rac8 17.b6 g6 18.O-O Nxb6 19.Rab1 Na4 20.Rxb7 Nc5 21.Ra7 Ra8 22.Rxa8 Rxa8 23.Rd1
Rd8 24.Qb2 Bxh3 25.Qb6 Rc8 26.Rxd6 Bxg2 27.Kxg2 Nxe4 28.Rxc6 Rf8 29.Qxa5 Ng5
30.Kg1 Nf3+ 31.Kg2 Ne1+ 32.Kg1 Nf3+ 33.Kg2 Ng5 34.Kg1 Qh5 35.Qd5 e4 36.Rf6 Rb8
37.Qd1 Nf3+ 38.Rxf3 exf3 39.Nf1 Qf5 40.Qd5 Qxd5 41.cxd5 Rb1 42.a4 Rc1 43.a5 Rxc3
44.Ne3 Ra3 45.Nc4 Ra4 46.Nb6 Rxa5 47.d6 Ra2 48.Nc4 Kf8 49.Ne5 Rd2 50.d7 f6